000
00311nam a2200133Ia 4500
008
230917s9999||||xx |||||||||||||| ||und||
040
_e
152673
_a
MAIN
041
_a
English
082
_a
514 J254T
100
_a
Janich, Klaus
245
0
_a
Topology
260
_a
New York
_b
Springer-Verlag
_c
1984
942
_c
BK
999
_c
142852
_d
142852